000 00616nam a2200229 i 4500
001 C2-0168561
003 PPAK
005 20180728091046.0
008 980715s1983 vaua|||| ||||| | eng d
020 _a0809444283
040 _aPPAK
_beng
_cPPAK
_erda
082 0 4 _a778.9
_2 23
090 0 0 _a778.9
_bPHO
_dR
245 0 0 _aPhotojournalism
264 1 _aVirginia :
_bTime-Life Books ,
_c1983
300 _a232 pages :
_bcolour illustrations ;
_c25 cm
336 _2rdacontent
_atext
337 _2rdamedia
_aunmediated
338 _2rdacarrier
_avolume
650 1 0 _aPhotography, Journalistic
942 _ddc
_cB
999 _c152703
_d152703